|
|
|
|
| LEADER |
01473nam a2200397 a 4500 |
| 001 |
000548548 |
| 003 |
CZ BrMZK |
| 005 |
20210319095744.0 |
| 007 |
ta |
| 008 |
000115s1998 fr f 0 fre d |
| 020 |
|
|
|z 2-84342-071-9
|
| 040 |
|
|
|a BOA001
|b cze
|
| 043 |
|
|
|a e-fr---
|
| 045 |
|
|
|a x-x-
|
| 072 |
|
7 |
|a 14(100-15)"15/20"
|x Moderní západní filozofie
|2 Konspekt
|9 5
|
| 080 |
|
|
|a 14(44)
|2 MRF
|
| 080 |
|
|
|a 57/59:1
|2 MRF
|
| 080 |
|
|
|a 61:1
|2 MRF
|
| 080 |
|
|
|a (44)
|2 MRF
|
| 080 |
|
|
|a (062.534)
|2 MRF
|
| 245 |
0 |
0 |
|a Actualité de Georges Canguilhem :
|b le normal et le pathologique
|
| 260 |
|
|
|a Le Plessis-Robinson :
|b Institut Synthélabo pour le progres de la connaissance,
|c c1998
|
| 300 |
|
|
|a 135 s. ;
|c 21 cm
|
| 490 |
1 |
|
|a Collection Les empêcheurs de penser en rond
|
| 541 |
|
|
|a Paris, Vivre Livres!
|
| 600 |
1 |
7 |
|a Canguilhem, Georges,
|d 1904-1995
|7 mzk2009512791
|
| 648 |
|
7 |
|a 20. století
|7 ch460558
|
| 650 |
0 |
7 |
|a francouzská filozofie
|y 20. století
|7 ph120359
|2 czenas
|
| 650 |
0 |
7 |
|a filozofie biologie
|z Francie
|y 20. století
|7 ph685001
|2 czenas
|
| 650 |
0 |
7 |
|a filozofie medicíny
|z Francie
|y 20. století
|7 ph191238
|2 czenas
|
| 655 |
|
7 |
|a sborníky konferencí
|7 fd133333
|2 czenas
|
| 700 |
1 |
|
|a Canguilhem, Georges,
|d 1904-1995
|7 mzk2009512791
|
| 830 |
|
0 |
|a Collection Les empêcheurs de penser en rond
|
| 910 |
|
|
|a BOA001
|b 2-1082.156
|
| 990 |
|
|
|a BK
|
| 996 |
7 |
|
|b 2610129235
|c 2-1082.156
|l MZK
|r Sklad / do 1 hodiny
|n 0
|p dar
|w 000548548
|u 000010
|a 1
|e BOA001
|j MZK50
|s A
|